| 000 | 01154nam a22002417a 4500 | ||
|---|---|---|---|
| 003 | OSt | ||
| 005 | 20260122194419.0 | ||
| 008 | 230308b ||||| |||| 00| 0 eng d | ||
| 040 | _cSSBUL | ||
| 041 | _ashan | ||
| 082 |
_a808.4 _223 _bပပ်ႉ 1765 |
||
| 100 | 1 |
_aၸုမ်းပွင်ၵၢၼ် ပပ်ႉၵိုၵ်းပိုၼ်း။ _933385 |
|
| 245 | 1 | 0 | _aပပ်ႉၵိုၵ်းပိုၼ်းပွႆးပၢၵ်ႇပီတဵမ် 1910-2010 ဝတ်ႉမႁႃႇဝၼ်ႉဝဵင်းမူႇၸေႊ / |
| 260 |
_aဝဵင်းမူႇၸေႊ၊ _bဝိၼ်းၸတႃးဢွပ်ႉသႅတ်ႉ၊ _c2010။ |
||
| 300 |
_a340 ၼႃႈ၊ _bၶႅပ်းႁၢင်ႈ (သီ)၊ _c26 ၸိၼ်ႉထီႇ။ |
||
| 500 | _aS-SAT: Dr. Prof Sai Aung Tun | ||
| 500 | _aပပ်ႉၸဝ်ႈတႃႇၼႁင်းၶေႃ တွၵ်ႉတိူဝ်ႉၸၢႆးဢွင်ႇထုၼ်း။ | ||
| 504 | _aပႃးၽိုၼ်ဢိင် | ||
| 650 |
_aလိၵ်ႈႁွမ်တွမ် _920801 |
||
| 942 | _cBK | ||
| 942 | _2ddc | ||
| 942 | _2ddc | ||
| 999 |
_c22993 _d22993 |
||